ระบบห้องสมุดอัตโนมัติ ULibM
วิทยาลัยพยาบาลบรมราชชนนี พระพุทธบาท
เปลี่ยนเป็นภาษาไทย

Change to English
 แสดงรายละเอียดบรรณานุกรม
  กลับหน้าหลัก

Brief Record : Get Marc (ISO 2709) : E-mail record : QR code ปิดหน้าต่าง
E-books : เกี่ยวกับ Collections
LEADER 00000nam 2200000uu 4500
001    13399122223
003     ULIBM
008    020711s2006 th a 000 0 eng d
020    0072972653
100    Charles B. Corbin…[et al.].
245    Concepts of fitness and wellness : a comprehensive lifestyle approach
250    6th ed
260    America :^bMcGrawHill,^c2006
300    486 pages
650    Physical fitness.^xExercise.^yhealth
700 0  Gregory J. Welk
700 0  William R. Corbin
700 0  Karen A. Welk
945    ^p0^l0^i012699
945    ^p0^l0^i012700
945    ^p0^l0^i012701
945    ^p0^l0^i012702
999    ^aน.ส.สุพรรษา เริงรื่น
รายการนี้ยังไม่มีแท็ก
คุณยังไม่ได้ล็อกอิน คุณสามารถมีกิจกรรมร่วมกับเว็บไซต์ได้ แต่ต้องล็อกอินก่อน ::
  ล็อกอิน
ลำดับที่ ประเภท เลขเรียก สถานที่ สถานะ
1.
QT255 C744 2006  
  
วิทยาลัยพยาบาลบรมราชชนนี พระพุทธบาท
►หนังสือทั่วไป
On Shelf
2.
QT255 C744 2006 ฉ.2 
  
วิทยาลัยพยาบาลบรมราชชนนี พระพุทธบาท
►หนังสือทั่วไป
On Shelf
3.
QT255 C744 2006 ฉ.3 
  
วิทยาลัยพยาบาลบรมราชชนนี พระพุทธบาท
►หนังสือทั่วไป
On Shelf
4.
QT255 C744 2006 ฉ.4 
  
วิทยาลัยพยาบาลบรมราชชนนี พระพุทธบาท
►หนังสือทั่วไป
On Shelf
   [แสดง 4/4 รายการ]

Bib 13399122223